00277nam a2200109 a 4500008004100000050001400041100001800055245003300073260003500106300001700141350000900158120416s1972 ||||||||||||||||| || u aGN 11 Dav aDavies, David12aA dictionary of anthropology aLondonbFrederick Mullerc1972 a197p. : ill. a0.00